000 00765nam a2200253Ia 4500
003 OSt
005 20220928114535.0
006 a|||||r|||| 00| 0
007 ta
008 220927b |||||||| |||| 00| 0 eng d
020 _c550
024 _a116070
037 _b26, 06/08/2012, Om Book Distributors
_cTextual
040 _aSDCL
_cSDCL
_beng
041 _2eng
_aeng
082 _aV2:51'M57, Q1
100 _aMedley Julius George
_9439601
245 0 _aEuropean narratives
_b A year's campaigning in India.
260 _aNew Delhi
_bLife Span Publishers
_c2011
300 _ax,174p
_ccm.
650 _aHistory
942 _hV2:51'M57, Q1
_cTEXL
_2CC
999 _c755290
_d755290